000 00608nam a2200241Ia 4500
003 OSt
005 20221005132738.0
006 a|||||r|||| 00| 0
007 ta
008 221004b |||||||| |||| 00| 0 tam d
024 _a50956
037 _cTextual
040 _aCRL
_cCRL
_btam
041 _2tam
_atam
082 _aO31,6N121x, M0
100 _aSundaravadivelu Au.
_9625522
245 0 _aUrukku nalladu
260 _c1980
650 _a TAMIL PROSE
650 _aTAMIL LITERATURE
942 _hO31,6N121x, M0
_cTEXL
_2cc
999 _c1064658
_d1064658